00857cam a22002173a 45000010005000000030006000050050017000110080041000280400015000690420007000840500007000911000027000982450081001252600029002065000239002355060030004745160020005046530046005248300028005708560041005985402PGUSA20140828083119.0040401s2004||||xxu|||||s|||||000 | eng d aPGUSAbeng adc 4aPE1 aGrose, Francis,d-179110a1811 Dictionary of the Vulgar Tongueh[electronic resource] /cFrancis Grose bProject Gutenberg,c2004 aReprint of the author's Lexicon balatronicum; a dictionary of buckish slang, university wit, and pickpocket eloquence (and now considerably altered and enlarged, with the modern changes and improvements, by a member of the whip club.) aPublic domain in the USA. aElectronic text aEnglish language -- Slang -- Dictionaries 0aProject Gutenbergv540240uhttp://www.gutenberg.org/ebooks/5402